Indian english drama : (Record no. 128352)

MARC details
000 -LEADER
fixed length control field 00767nam a22002297a 4500
005 - DATE AND TIME OF LATEST TRANSACTION
control field 20170124110038.0
010 ## - LIBRARY OF CONGRESS CONTROL NUMBER
LC control number B-031324
020 ## - INTERNATIONAL STANDARD BOOK NUMBER
Terms of availability 00.00
International Standard Book Number 8176251100
035 ## - SYSTEM CONTROL NUMBER
System control number B-031324
037 ## - SOURCE OF ACQUISITION
Source of stock number/acquisition Cen Lib/Ret
040 ## - CATALOGING SOURCE
Original cataloging agency DPL
Language of cataloging EN
082 ## - DEWEY DECIMAL CLASSIFICATION NUMBER
Classification number 882.08
Item number IND
245 ## - TITLE STATEMENT
Title Indian english drama :
Statement of responsibility, etc edited by Jaydipsinh K.Dodiya [and] K.V.Surendran
Remainder of title critical perspectives /
260 ## - PUBLICATION, DISTRIBUTION, ETC. (IMPRINT)
Place of publication, distribution, etc New Delhi
Name of publisher, distributor, etc Sarup & Sons
Date of publication, distribution, etc 2000
270 ## - ADDRESS
Address 4740/23, Ansari Road, Daryaganj
City New Delhi
Postal code 110002
300 ## - PHYSICAL DESCRIPTION
Extent xi,121p.
Dimensions 20cm(Hb)
650 ## - SUBJECT ADDED ENTRY--TOPICAL TERM
Topical term or geographic name as entry element Indic drama -- 20th century -- History and criticism
9 (RLIN) 23133
650 ## - SUBJECT ADDED ENTRY--TOPICAL TERM
Topical term or geographic name as entry element Indic drama
9 (RLIN) 14941
700 ## - ADDED ENTRY--PERSONAL NAME
Personal name Dodiya, Jaydipsinh K.
9 (RLIN) 23134
700 ## - ADDED ENTRY--PERSONAL NAME
Personal name Surendran, K.V.
9 (RLIN) 23135
942 ## - ADDED ENTRY ELEMENTS (KOHA)
Source of classification or shelving scheme Dewey Decimal Classification
Koha item type English Books
Classification part 882.08
Call number suffix IND
Holdings
Withdrawn status Lost status Damaged status Not for loan Home library Current library Date acquired Source of acquisition Cost, normal purchase price Total Checkouts Full call number Barcode Date last seen Date checked out Copy number Cost, replacement price Price effective from Koha item type
        Central Library Central Library 02/07/2015 Cen Lib/Ret 0.00 1 882.08 IND B-031324 10/10/2022 10/10/2022 1 0.00 02/07/2015 English Books

© Delhi Public Library
Hit Counter
free hit counter